Least Visited Countries With Exceptions - Statistics

General Stats
  • This quiz has been taken 74 times
  • The average score is 7 of 16
Answer Stats
Tourists Answer % Correct
21K Bhutan
73%
503K Eswatini
53%
145K Djibouti
52%
301K Mongolia
52%
603K Nepal
52%
162K Moldova
48%
233K Myanmar
47%
288K Guyana
45%
570K Gambia
44%
101K Liechtenstein
40%
327K Monaco
32%
528K Namibia
32%
116K Burkina Faso
31%
539K Cameroon
31%
537K North Macedonia
29%
130K Angola
27%
No matching quizzes found
Score Distribution
Percent of People with Each Score
Percentile by Number Answered
Your Score History
You have not taken this quiz